The Muppets Franchise - Statistics

General Stats
  • This quiz has been taken 55 times
  • The average score is 28 of 89
Answer Stats
Type Year Name Info % Correct
Album 2011 The Muppets: An Original Walt Disney Records Soundtrack The Muppets
100%
Film 1979 The Muppet Movie ITC Entertainment
97%
Film 2011 The Muppets Disney
97%
TV Show 2015-2016 The Muppets ABC
97%
TV Show 1976-1981 The Muppet Show ITV
86%
Album 1977 The Muppet Show The Muppets
86%
Film 2014 Muppets Most Wanted Disney
72%
Album 2014 Muppets Most Wanted: An Original Walt Disney Records Soundtrack The Muppets
72%
TV Show 1984-1991 Muppet Babies CBS
69%
TV Show 2018-Present Muppet Babies Disney Junior / Disney Channel
69%
Film 1984 The Muppets Take Manhattan TriStar Pictures
61%
Film 1981 The Great Muppet Caper Universal
58%
Album 1981 The Great Muppet Caper: The Original Soundtrack The Muppets
58%
Album 1992 The Muppet Christmas Carol: Original Motion Picture Soundtrack The Muppets
58%
Album 1984 The Muppets Take Manhattan: The Original Soundtrack The Muppets
58%
Film 1996 Muppet Treasure Island Disney
56%
Film 1992 The Muppet Christmas Carol Disney
56%
Album 1996 Muppet Treasure Island: Original Motion Picture Soundtrack The Muppets
53%
Album 1979 The Muppet Movie: Original Soundtrack Recording The Muppets
53%
Single 2009 Bohemian Rhapsody (Muppets Version) Queen / The Muppets
47%
Music Video 2009 Bohemian Rhapsody (Muppets Version) Queen / The Muppets
47%
Film 1999 Muppets from Space Columbia
47%
Album 2005 Best of the Muppets featuring The Muppets' Wizard of Oz The Muppets
44%
TV Film 2005 The Muppets' Wizard of Oz ABC
44%
Web Series 2020 Muppets Now Disney+
42%
TV Special 2008 A Muppets Christmas: Letters to Santa NBC
39%
Single 1979 Rainbow Connection The Muppets
39%
Single 2011 Man or Muppet Jason Segel and Walter with Muppet Gary and Jim Parsons
36%
TV Show 1989 The Jim Henson Hour NBC
36%
Film 2002 Kermit's Swamp Years Sony
33%
TV Show 1996-2003 Muppets Tonight ABC / Disney Channel
33%
TV Show 1955-1961 Sam and Friends WRC-TV
33%
TV Special 1975 The Muppet Show: Sex and Violence ABC
31%
TV Special 1987 A Muppet Family Christmas ABC
28%
TV Special 1979 John Denver and the Muppets: A Christmas Together ABC
28%
Album 1979 John Denver and the Muppets: A Christmas Together The Muppets / John Denver
28%
TV Film 2002 It's a Very Merry Muppet Christmas Movie NBC
25%
TV Show 1985 Little Muppet Monsters CBS
25%
EP 2009 A Muppets Christmas: Letters to Santa (Soundtrack from the TV Special) The Muppets
22%
TV Special 1969 Hey, Cinderella! CBC / ABC
22%
Music Video 2002 Keep Fishin' Weezer
22%
TV Documentary 1981 Of Muppets and Men: The Making of 'The Muppet Show' Syndicated
22%
TV Special 1982 The Fantastic Miss Piggy Show ABC
22%
TV Special 1974 The Muppets Valentine Show ABC
22%
TV Show 2015-Present Muppet Moments Disney Junior / Disney Channel
19%
Video Game 2000 Muppet Monster Adventure Sony
19%
Video Game 2000 Muppet RaceMania Sony
19%
Video Game 2003 Spy Muppets: License to Croak TDK
19%
TV Special 1970 The Great Santa Claus Switch CBS
19%
TV Special 1972 The Muppet Musicians of Bremen Syndication
19%
TV Special 1986 The Muppets: A Celebration of 30 Years CBS
19%
TV Special 1990 The Muppets at Walt Disney World NBC
19%
TV Special 1979 The Muppets Go Hollywood CBS
19%
TV Special 1986 The Tale of the Bunny Picnic HBO
19%
TV Special 1977 Emmet Otter's Jug-Band Christmas CBC
17%
Album 2011 Muppets: The Green Album Various Artists
17%
Single 2009 Pöpcørn The Muppets
17%
Music Video 2009 Pöpcørn The Muppets
17%
TV Special 1983 Rocky Mountain Holiday with John Denver and the Muppets ABC
17%
TV Special 1971 The Frog Prince Syndication
17%
TV Special 1981 The Muppets Go to the Movies ABC
17%
Single 2011 The Muppet Show Theme The Muppets
17%
TV Special 1970 The Muppets on Puppets NET
17%
Film 1993 Billy Bunny's Animal Songs Buena Vista
14%
Album 1995 Kermit Unpigged Kermit the Frog
14%
TV Special 2013 Lady Gaga and the Muppets Holiday Spectacular ABC
14%
TV Special 1995 Mr. Willowby's Christmas Tree CBS
14%
Video Game 1990 Muppet Adventure: Chaos at the Carnival Hi Tech Expressions
14%
Album 1994 Muppet Beach Party The Muppets
14%
Film 1994 Muppet Classic Theater Buena Vista
14%
Album 1993 Muppet Hits The Muppets
14%
Album 1994 Muppet Hits Take 2 The Muppets
14%
Video Game 2003 Muppets Party Cruise TDK
14%
TV Show 2006 Muppets TV TF1
14%
TV Film 1986 The Christmas Toy ABC
14%
Video Game 1996 The Muppet CD-ROM: Muppets Inside Starwave
14%
Album 2002 The Muppet Show: Music, Mayhem, and More The Muppets
14%
Video Game 2014 The Muppets Movie Adventures Sony
14%
Music Video 2012 All I Need is Love Cee Lo Green / The Muppets
11%
Single 1977 Halfway Down the Stairs The Muppets
11%
Single 2011 Muppet Show Theme Song OK Go
11%
Music Video 2011 Muppet Show Theme Song OK Go
11%
Album 1993 Ol' Brown Ears Is Back Rowlf the Dog
11%
Web Series 2005-2006 Statler and Waldorf: From the Balcony Movies.com
11%
Album 2006, 2011 The Muppets: A Green and Red Christmas The Muppets
11%
Album 1978 The Muppet Show 2 The Muppets
11%
Single 2009 I Believe The Muppets
8%
Web Series 2010 The Muppets Kitchen with Cat Cora Disney.com
8%
TV Special 1989 The Song of the Cloud Forest NBC
8%
No matching quizzes found
Score Distribution
Percent of People with Each Score
Percentile by Number Answered
Your Score History
You have not taken this quiz